000 00356nam a2200133Ia 4500
008 240624s9999 xx 000 0 und d
041 _aeng
082 _a523.8875 MIL
100 _aMILLER ARTHUR I
245 _aEMPIRE OF THE STARS FRIENDSHIP OBSESSION
260 _c2007
_aNew Delhi
_bPenguin Books India
300 _a416 : p. : cm. ; 25
365 _cRS
_b20
999 _c5586
_d5586